अस्पृश्य मूळचे कोण आणि ते अस्पृश्य कसे बनले / (Record no. 49373)

MARC details
000 -LEADER
fixed length control field 01247nam a22002417a 4500
005 - DATE AND TIME OF LATEST TRANSACTION
control field 20101221122148.0
008 - FIXED-LENGTH DATA ELEMENTS--GENERAL INFORMATION
fixed length control field 101221t xxu||||| |||| 00| 0 mar d
010 ## - LCCN (DPL NO)
LC control number MAR-20450
020 ## - INTERNATIONAL STANDARD BOOK NUMBER
Terms of availability 140.00
035 ## - SYSTEM CONTROL NUMBER
System control number MR-13108
037 ## - SOURCE OF ACQUISITION
Source of stock number/acquisition DBAD /PUB
040 ## - CATALOGING SOURCE
Original cataloging agency DPL
Language of cataloging MR
082 ## - DEWEY DECIMAL CLASSIFICATION NUMBER
Classification number 305.5688
100 ## - MAIN ENTRY--PERSONAL NAME
Personal name आंबेडकर बाबासाहेब
9 (RLIN) 25025
245 ## - TITLE STATEMENT
Title अस्पृश्य मूळचे कोण आणि ते अस्पृश्य कसे बनले /
Statement of responsibility, etc बाबासाहेब आंबेडकर : बी सी कांबळे द्वारा अनुवादित
246 ## - VARYING FORM OF TITLE
Title proper/short title Ashprishya Mulche Kon Aani Te Ashprishya Kase Banle
Remainder of title by Babasaheb Ambedkar
260 ## - PUBLICATION, DISTRIBUTION, ETC. (IMPRINT)
Place of publication, distribution, etc पुणे
Name of publisher, distributor, etc सुगावा प्रकाशन
Date of publication, distribution, etc 2010
270 ## - ADDRESS
Address 562,सदाशिव पेठ
City पुणे
Postal code 411030
300 ## - PHYSICAL DESCRIPTION
Extent 144पृ
Dimensions 21सेमी(अजिल्द)
700 ## - ADDED ENTRY--PERSONAL NAME
Personal name कांबळे,बी सी
9 (RLIN) 25054
942 ## - ADDED ENTRY ELEMENTS (KOHA)
Source of classification or shelving scheme Dewey Decimal Classification
Item type Marathi Books
Classification part 305.5688
Call number suffix आंबेड
Holdings
Withdrawn status Lost status Source of classification or shelving scheme Damaged status Not for loan Collection code Home library Current library Date acquired Source of acquisition Cost, normal purchase price Total Checkouts Full call number Barcode Date last seen Copy number Cost, replacement price Koha item type
    Dewey Decimal Classification   Not For Loan Non-fiction D.B.Act.Division D.B.Act.Division 21/12/2010 DBAD / PUB 140.00   305.5688 आंबेड MR-13108 21/12/2010 1 140.00 Marathi Books

© Delhi Public Library
Hit Counter
free hit counter